Loading...
| Science - Physics | 0 | 7 | 3 | 1 | 55 | 34 | 67.57 | 0 | 0 | 19.91 | 25.89 |
| Science - Biology | 0 | 4 | 0 | 0 | 40 | 29 | 66.50 | 1 | 1 | 10.32 | 17.11 |
| Current Events | 0 | 3 | 0 | 1 | 30 | 53 | 81.33 | 0 | 0 | 10.94 | 10.71 |
| Science - Chemistry | 0 | 4 | 2 | 2 | 30 | 81 | 99.00 | 0 | 0 | 1.58 | 6.25 |
| Social Science | 0 | 3 | 0 | 0 | 30 | 49 | 68.33 | 0 | 3 | 11.28 | 22.62 |
| History - American | 0 | 2 | 0 | 0 | 20 | 31 | 42.50 | 0 | 2 | 9.38 | 13.24 |
| History - European | 0 | 2 | 0 | 0 | 20 | 52 | 61.00 | 0 | 0 | 7.69 | 7.89 |
| Mythology | 0 | 2 | 0 | 0 | 20 | 99 | 100.00 | 0 | 0 | 2.52 | 4.46 |
| Science - Other | 0 | 2 | 1 | 0 | 15 | 24 | 27.50 | 2 | 2 | 12.53 | 16.67 |
| Fine Arts - Other | 0 | 1 | 0 | 0 | 10 | 97 | 97.00 | 0 | 0 | 1.30 | 3.13 |
| History - World | 0 | 1 | 0 | 0 | 10 | 42 | 42.00 | 0 | 1 | 4.90 | 6.25 |
| Fine Arts - Classical Music | 0 | 1 | 1 | 0 | 5 | 92 | 92.00 | 0 | 1 | 0.89 | 4.76 |
| Philosophy | 0 | 1 | 1 | 0 | 5 | 92 | 92.00 | 0 | 0 | 1.65 | 5.36 |
| History - Other | 0 | 1 | 2 | 1 | 0 | 114 | 114.00 | 0 | 0 | 0.00 | 2.08 |
| Literature - British | 0 | 0 | 0 | 0 | 0 | 0.00 | 0 | 0 | 0.00 | 0.00 |